MARC

LEADER 00000nab a2200000 a 4500
001 vtls011628874
003 SK-MaSNL
005 20260318115140.0
008 170512c2016 xo er n ||00 c0ukr
015 |a SNBRB2017/05 
038 |a SVKPOCL 
040 |a SVKPOCL  |b slo  |c SVKPOCL  |e AACR2 
041 0 |a ukr 
044 |a xo  |c SK 
080 |a 37.091.32:378.093.2  |2 2011 
080 |a 378.093.2:316.022.4(=161.25)  |2 2011 
080 |a 80(=16)+908(4)  |2 2011 
080 |a 80(=161.25)+908(437.6)  |2 2011 
080 |a 316.022.4(=161.25)  |2 2011 
080 |a 379.8:80(=161.25)  |2 2011 
080 |a (497.11)  |2 2011 
080 |a (437.6)  |2 2011 
100 1 |a Malecka-Novak, Natalija  |4 aut  |9 1106670 
245 1 0 |a Litnja škola Rusyniv zo Serbiji  |c N. Malecka-Novak, [autor] lem-fm 
500 |a Letnú školu Studium Carpato-Ruthenorum organizuje Ústav rusínskeho jazyka a kultúry Prešovskej univerzity od roku 2009 a Letnú školu rusínskeho jazyka organizuje Oddilinja osvity Nacyonalnoho sovytu Rusnacoch Serbiji od roku 2015 
500 |a Ďalšie doplňujúce informácie sú z www.unipo.sk 
600 1 7 |a Kovač, Željko,  |d 1973-  |2 svkpocl  |9 1604034 
600 1 7 |a Tamaš, Sergej  |2 svkpocl  |9 1622577 
610 2 7 |a Nacionalni savet Rusina (Ruský Kerestur, Srbsko)  |2 svkpocl  |9 1354138 
610 2 7 |a Inštitut vojvodinskych Rusynov  |2 svkpocl  |9 1354222 
648 7 |a 18.-24.7.2016  |2 svkpocl  |9 1622578 
650 0 7 |a slavistika  |2 SNKPH  |9 4282 
650 0 7 |a rusinistika  |2 SNKPH  |9 90871 
650 0 7 |a karpatorusinistika  |2 svkpocl  |9 490626 
650 0 7 |a Rusíni  |2 SNKPH  |9 4087 
650 0 7 |a letná škola  |2 SNKPH  |9 71866 
651 7 |a Poprad (Slovensko)  |2 SNKPH  |9 20155 
773 0 |t Info Rusyn  |g Roč. XIII, č. 13-14 (2016), s. 3 
852 |a SVKPO  |b KIS3GCP 
856 4 2 |y Elektronická verzia informačného dvojtýždenníka je na: http://www.rusyn.sk 
856 4 2 |u http://www.unipo.sk/public/media/26361/2011.pdf 
958 |a RN 
958 |a LX 
958 |a SS 
958 |a RS 
999 |c 3344707  |d 3346637